000 01264nam a2200289Ia 4500
999 _c36742
_d36742
001 2679
003 GE_BSU
005 20230406152038.0
008 181216s2009||||ge |||||||||||||| ||geo||
020 _a9789941146633
040 _cGE_BSU
041 _ageo
080 _a621.391(075.8) ტ–44
100 _aრობიტაშვილი, ა.
_917517
245 _aტელეკომუნიკაციის თეორია :
_b[სახელმძღვ. სტუდ.] /
_cა. რობიტაშვილი, გ. მურჯიკნელი, თ. ვეკუა, გ. რობიტაშვილი ; სტუ.
264 _aთბილისი :
_bტექნ. უნ-ტი,
_c2009.
300 _a166 გვ.;
_b20 სმ.
504 _aბიბლიოგრ.: გვ. 166.
541 _h8 ლ.
653 _aტელეკომუნიკაცია
700 _aრობიტაშვილი, ა.
_eავტორი
_917517
700 _aმურჯიკნელი, გ.
_eავტორი
_917518
700 _aვეკუა, თ.
_eავტორი
_911807
700 _aრობიტაშვილი, გ.
_eავტორი
_917519
710 _aსტუ.
_917520
942 _cBK
_2udc